00286nam a2200085Ia 4500008004100000100002400041245008400065260004200149260000900191170620s9999 xx 000 0 und d aReddy- G. Lokanadha 0aEncyclopedia of Special Education- Role performance of special education series bNew Delhi- Discovery Publishing House c2007